Logo BPK

Bibliografia Prac Pracowników

Politechniki Koszalińskiej

Badanie przemieszczania się zaburzeń w skraplającym się czynniku chłodniczym / (Rekord nr 3000)

Szczegóły MARC
000 -ETYKIETA REKORDU
podpole kontrolne o stałej długości 01296nab a2200217 i 4500
001 - NUMER KONTROLNY REKORDU
podpole kontrolne BPP
003 - IDENTYFIKATOR NUMERU KONTROLNEGO REKORDU
podpole kontrolne BPK
005 - DATA OSTATNIEJ MODYFIKACJI REKORDU
podpole kontrolne 20140322170501.0
008 - POLE O STAŁEJ DŁUGOŚCI - DANE KONTROLNE
podpole kontrolne o stałej długości 140322s2009 pl f |000 0 pol
040 ## - ŹRÓDŁO KATALOGOWANIA
Instytucja, która utworzyła rekord BPK
080 ## - UNIWERSALNA KLASYFIKACJA DZIESIĘTNA - UKD
UKD 621.5/.6
100 ## - NAZWA OSOBOWA
Nazwa osobowa BOHDAL, Tadeusz.
Lata pracy 1996 - .
Instytucja Politechnika Koszalińska - Wydział Mechaniczny,
Wydział Katedra Techniki Cieplnej i Chłodnictwa
245 ## - TYTUŁ/ODPOWIEDZIALNOŚĆ
Tytuł Badanie przemieszczania się zaburzeń w skraplającym się czynniku chłodniczym /
Pozostałe elementy strefy tytułu i oznaczenia odpowiedzialności Tadeusz Bohdal.
260 ## - STREFA ADRESU WYDAWNICZEGO
Data publikacji, dystrybucji/powstania dokumentu 2009.
500 ## - UWAGI OGÓLNE
Tekst uwagi Dane z autopsji.
520 ## - UWAGA DOTYCZĄCA TREŚCI DOKUMENTU
Analiza dokumentacyjna, adnotacja itp. Przeprowadzono badania eksperymentalne przemieszczania się zaburzeń w skraplającym się czynniku chłodniczym R404A. Podczas badań na stanowisku pomiarowym w skraplaczu chłodzonym powietrzem wywoływano skokową zmianę ciśnienia. Wzrost ciśnienia w kanale rurowym skraplacza powodował rozwój skraplania czynnika chłodniczego a spadek ciśnienia jego zanik. Stwierdzono, że zjawisko ma charakter falowy. Wprowadzone zaburzenie przemieszczało się ze skończoną prędkością zależną od parametrów ośrodka dwufazowego w postaci fali ciśnieniowej i temperaturowej.
650 #0 - HASŁO PRZEDMIOTOWE W FORMIE NAZWY OGÓLNEJ LUB JEDNOSTKOWEJ
Nazwa ogólna lub geograficzna Czynniki chłodnicze.
650 #0 - HASŁO PRZEDMIOTOWE W FORMIE NAZWY OGÓLNEJ LUB JEDNOSTKOWEJ
Nazwa ogólna lub geograficzna Skraplanie.
773 ## - TYTUŁ DOKUMENTU MACIERZYSTEGO
Wyrażenie wprowadzające W :
Tytuł Pomiary Automatyka Kontrola. -
Informacje dotyczące relacji 2009, nr 4, s. 236-242
942 ## - HASŁO DODATKOWE - ELEMENTY(KOHA)
Typ dokumentu Artykuł
Schemat klasyfikacji Uniwersalna klasyfikacja dziesiętna
Egzemplarze
Wycofany Zagubiony Uszkodzony Dostępność Lokalizacja stała Lokalizacja bieżąca Sygnatura Typ dokumentu
      Dostępny Bibliografia Prac Pracowników - BPK Bibliografia Prac Pracowników - BPK 0275 Artykuł
© 2014 Biblioteka Politechniki Koszalińskiej :: BIBLIOGRAFIA PRAC PRACOWNIKÓW